000 00596nam a2200205Ia 4500
003 GCL
008 140319s9999 xx 000 0 ara d
040 _aGCL /
_cGCL
082 0 4 _a819.9
_bع ن
100 1 _aعمر الدسوقى
245 1 0 _aنشاة النثر الحديث وتطورة /
_cعمر الدسوقى
260 _a[S.N] :
_bدار الفكر العربى
300 _a298 ص
490 _a
650 0 4 _aالادب العربى
650 0 4 _aالعصر الحديث
650 0 4 _aالنثر العربى
650 0 4 _aالمقالات العربية
942 _2ddc
_cBK
999 _c32421
_d32421